| Поле | Название | Значение |
| |
Тип записи |
a |
| |
Библиографический уровень |
m |
| 001 |
Контрольный номер |
RU\infra-m\znanium\bibl\2218677 |
| 005 |
Дата корректировки |
20260429142157.8 |
| 008 |
Кодируемые данные |
260120s2026 RU g rus u |
| 020 |
Индекс ISBN |
__ |
| a |
ISBN |
978-5-16-014501-3 |
| 020 |
Индекс ISBN |
__ |
| a |
ISBN |
978-5-16-107013-0 (электр. издание) |
| 040 |
Источник каталогиз. |
__ |
| a |
Служба первич. каталог. |
Общество с ограниченной ответственностью «ЗНАНИУМ» |
| 041 |
Код языка издания |
__ |
| a |
Код языка текста |
rus |
| 044 |
Код страны публикации |
__ |
| a |
Код страны публикации |
RU |
| 080 |
Индекс УДК |
__ |
| a |
Индекс УДК |
338.46(075.32) |
| 084 |
Индекс другой классификации/Индекс ББК |
__ |
| 2 |
Источник индекса |
rubbk |
| a |
Индекс другой классификации/Индекс ББК |
65.442я723 |
| 084 |
Индекс другой классификации/Индекс ББК |
__ |
| 2 |
Источник индекса |
okso |
| a |
Индекс другой классификации/Индекс ББК |
43.02.02 |
| 084 |
Индекс другой классификации/Индекс ББК |
__ |
| 2 |
Источник индекса |
okso |
| a |
Индекс другой классификации/Индекс ББК |
43.02.16 |
| 084 |
Индекс другой классификации/Индекс ББК |
__ |
| 2 |
Источник индекса |
okso |
| a |
Индекс другой классификации/Индекс ББК |
43.02.17 |
| 100 |
Автор |
__ |
| a |
Автор |
Новикова М.А. |
| q |
Полное имя |
Новикова Мария Александровна |
| 245 |
Заглавие |
__ |
| a |
Заглавие |
Основы маркетинга сферы услуг |
| b |
Продолж. заглавия |
Учебное пособие |
| 250 |
Сведения об издании |
__ |
| a |
Основные сведения об издании |
1 |
| 260 |
Выходные данные |
__ |
| a |
Место издания |
Москва |
| b |
Издательство |
ООО "Научно-издательский центр ИНФРА-М" |
| c |
Дата издания |
2026 |
| 300 |
Физическое описание |
__ |
| a |
Объем |
192 с. |
| 440 |
Серия |
__ |
| a |
Серия |
Среднее профессиональное образование |
| 520 |
Аннотация |
__ |
| a |
Аннотация |
В учебном пособии рассмотрены ключевые понятия элементы и процессы управления маркетингом применяемые на практике рынка парикмахерских услуг. Целью учебного пособия является ознакомление студентов со спецификой маркетинга услуг а также основами теоретических и практических знаний в рамках маркетинга парикмахерских салонов. Особенность данного учебного пособия заключается в том что оно совмещает общую теорию маркетинга на коммерческих предприятиях с практическими примерами применения этих знаний в парикмахерской деятельности. Это позволяет обеспечить студентам формирование системного и аналитического знания в области маркетинга на рынке парикмахерских услуг. Соответствует требованиям федеральных государственных образовательных стандартов среднего профессионального образования последнего поколения. Предназначено для студентов учреждений среднего профессионального образования обучающихся по специальности 43.02.13 «Технологии парикмахерского искусства». |
| 521 |
Примеч. о цел. назн. |
__ |
| a |
Примеч. о целев. назн. |
Среднее профессиональное образование |
| 650 |
Тематические рубрики |
__ |
| a |
Основная рубрика |
Реклама. Маркетинг. PR |
| x |
Основная подрубрика |
Отраслевой маркетинг |
| 655 |
Указ. предметных рубрик (устаревшее) |
__ |
| a |
Жанр/ форма (устаревшее) |
Учебное пособие |
| 856 |
Электронный адрес документа |
4_ |
| a |
Имя сервера/домена |
znanium.ru |
| m |
Помощь |
ebs_support@infra-m.ru |
| n |
Местонахождение сервера |
НИЦ ИНФРА-М |
| u |
URL |
https://znanium.ru/catalog/document?id=476767 |
| 856 |
Электронный адрес документа |
48 |
| a |
Имя сервера/домена |
znanium.ru |
| d |
Путь |
/cover/2218 |
| f |
Электронное имя |
2218677.jpg |
| u |
URL |
https://znanium.ru/cover/2218/2218677.jpg |
| 911 |
|
__ |
| u |
|
0030=https://znanium.ru/catalog/document?id=476767 |